000 00605nam a2200277Ia 4500
005 20260401122046.0
008 008 250103s9999 xx 000 0 eng d
020 _a198711778
037 _aTB
040 _aEDL
040 _beng
040 _cEDL
041 _2eng
041 _aeng
084 _a792.95 WEL
084 _qEDL
245 0 _aShakespeare in the Theatre: Anthology of Criticism
260 _aOxford
260 _bClarendon Press
260 _c1997
300 _a337p
942 _cTB
942 _h792.95 WEL
999 _c1844641
_d1844641